La dimensión interdisciplinar de la doctrina social de la Iglesia. Un estudio sobre el Magisterio.

Zapisane w:
Opis bibliograficzny
1. autor: Crepaldi, Giampaolo (autor)
Kolejni autorzy: Fontana, Stefano (autor) (autor), Rejón Bojorquez, José Armando tr (autor) tr, (autor)
Format: Książka
Język:hiszpański
Hasła przedmiotowe:
Etykiety: Dodaj etykietę
Nie ma etykietki, Dołącz pierwszą etykiete!

MARC

LEADER 00000nam^a2200000^u^4500
001 000518168
005 20250625000000.0
008 110630s1000^^^^^^^^^^^^r^^^^^000^0^spa^d
009 20260310130413.18
022 |a 9686839909 
035 |a FCE 000062399 
037 |a Acervo ITESO - Biblioteca 
041 |a spa 
082 0 4 |a 230.2  |b CREd 
100 |a Crepaldi, Giampaolo  |e (autor) 
245 1 0 |a La dimensión interdisciplinar de la doctrina social de la Iglesia.  |b Un estudio sobre el Magisterio. 
264 |a México :  |b Instituto Mexicano de Doctrina Social Cristiana,  |c 2006. 
300 |a 134 p. 
336 |a texto  |b txt  |2 rdacontenido 
337 |a sin mediación  |b n  |2 rdamedio 
338 |a volumen  |b nc  |2 rdasoporte 
596 |a Título original: La dimensione interdisciplinare della Dottrina sociale della Chiesa. 
649 |a XX 
650 |a Doctrina social 
650 |a Doctrina cristiana 
700 |a Fontana, Stefano  |e (autor) 
700 |a Rejón Bojorquez, José Armando  |e tr  |e (autor) 
910 |a Fondo Centro de Estudios Educativos 
920 |a Impresos - Libros 
930 |a Fondos Especiales 
905 |a 133 
901 |a ALE070997  |b IT2  |c CEE  |u 20250521 
902 |a https://opac.biblio.iteso.mx/vufind/Record/000518168